[Event "III Open"]
[Site "Oviedo ESP"]
[Date "2008.07.31"]
[Round "9"]
[White "Arias Torio,S"]
[Black "Fernandez Palacio,E"]
[Result "1-0"]
[WhiteElo "2140"]
[BlackElo "2033"]

1.e4 e6 2.d4 d5 3.Nc3 Nf6 4.e5 Nfd7 5.f4 c5 6.Nf3 Nc6 7.Be3 cxd4 8.Nxd4 Bc5
9.Qd2 Bxd4 10.Bxd4 Nxd4 11.Qxd4 Qb6 12.Qxb6 Nxb6 13.Nb5 Ke7 14.O-O-O Bd7
15.Nd4 Na4 16.h4 Nc5 17.Rh3 Rhc8 18.h5 h6 19.Bd3 a6 20.g4 Bb5 21.Kd2 Bxd3
22.cxd3 Nd7 23.f5 Nxe5 24.fxe6 fxe6 25.Re1 Nc6 26.Nxe6 Kf7 27.Rf3+ Kg8 28.Rf5 d4
29.a3 Re8 30.g5 hxg5 31.Rxg5 Re7 32.h6 Rae8 33.Nxg7 Re5 34.Rg2 Rb8 35.Nf5+ Kh8
36.Rxe5 Nxe5 37.Nxd4 Rd8 38.Ke3 Kh7 39.Nf5 Nxd3 40.Rg7+ Kh8 41.Ne7 Ne5 42.Ke4  1-0

[Event "13th Pannonia Cup"]
[Site "Balatonalmadi HUN"]
[Date "2008.08.03"]
[Round "7"]
[White "Sardy,P"]
[Black "Szelenyi,N"]
[Result "1/2-1/2"]
[WhiteElo "2295"]
[BlackElo "2373"]

1.e4 e6 2.d4 d5 3.Nc3 Nf6 4.e5 Nfd7 5.Nf3 c5 6.dxc5 Bxc5 7.Bd3 Nc6 8.Bf4 f6
9.exf6 Qxf6 10.Bg5 Qf7 11.Qe2 O-O 12.O-O-O h6 13.Bd2 Nd4 14.Nxd4 Bxd4 15.Nb5 Bb6
16.f4 Nc5 17.g3 Bd7 18.Nd4 Rac8 19.Kb1 Ba4 20.Nb3 Nxd3 21.Qxd3 Qf5 22.Qxf5 Rxf5
23.Rhe1 Rc6 24.Na1 Rh5 25.Re2  1/2-1/2

[Event "17th Open"]
[Site "Kavala GRE"]
[Date "2008.08.03"]
[Round "5"]
[White "Petrov,Marij"]
[Black "David,Alb"]
[Result "0-1"]
[WhiteElo "2490"]
[BlackElo "2568"]

1.e4 e6 2.d4 d5 3.Nc3 Nf6 4.e5 Nfd7 5.f4 c5 6.Nf3 Nc6 7.Be3 Be7 8.Qd2 O-O
9.O-O-O c4 10.Kb1 b5 11.Nxb5 Rb8 12.Nd6 Bxd6 13.exd6 Nf6 14.Qe1 Qxd6 15.Bc1 Bd7
16.Ne5 Nb4 17.a3 Nxc2 18.Kxc2 Ba4+ 19.Kd2 Ne4+ 20.Ke2 Bxd1+ 21.Qxd1 Rb3 22.Qc2 Rfb8
23.Ke1 c3 24.Nd3 cxb2 25.Bxb2 Qb6 26.h4 Rxb2 27.Qxb2 Qxb2 28.Nxb2 Rxb2 29.Rh3 Rb1+
30.Ke2 h5 31.Rd3 g6 32.g3 Kf8 33.Bg2 Rb2+ 34.Kf1 Nd2+ 35.Ke1 Nc4 36.Bf1 Ra2
37.Rc3 Rxa3 38.Rxa3 Nxa3 39.Kd2 Nc4+  0-1

[Event "17th Open"]
[Site "Kavala GRE"]
[Date "2008.08.03"]
[Round "5"]
[White "Timoshenko,G"]
[Black "Berescu,A"]
[Result "1/2-1/2"]
[WhiteElo "2572"]
[BlackElo "2489"]

1.e4 e6 2.d4 d5 3.Nc3 Nf6 4.e5 Nfd7 5.f4 c5 6.Nf3 Nc6 7.Be3 a6 8.Qd2 cxd4
9.Nxd4 Bc5 10.O-O-O O-O 11.Kb1 Qc7 12.Qf2 Bxd4 13.Bxd4 b5 14.Bd3 Nxd4 15.Qxd4 Qc5
16.Qxc5 Nxc5 17.a3 Bb7 18.Rhe1 Rfd8 19.g3 Rac8 20.Rd2  1/2-1/2

[Event "17th Open"]
[Site "Kavala GRE"]
[Date "2008.08.04"]
[Round "6"]
[White "Melia,S"]
[Black "Kuljasevic,D"]
[Result "0-1"]
[WhiteElo "2416"]
[BlackElo "2501"]

1.e4 e6 2.d4 d5 3.Nc3 Nf6 4.e5 Nfd7 5.f4 c5 6.Nf3 Nc6 7.Be3 Be7 8.dxc5 Bxc5
9.Qd2 O-O 10.O-O-O Qa5 11.Bxc5 Nxc5 12.Kb1 Bd7 13.Bd3 Rac8 14.h4 Nb4 15.Nd4 Ba4
16.Rh3 Nbxd3 17.Rxd3 Nxd3 18.Qxd3 Bd7 19.g4 f6 20.exf6 Rxf6 21.f5 exf5 22.Nb3 Qa6
23.Nxd5 Rf7 24.Qxa6 bxa6 25.g5 f4 26.h5 Bg4 27.Re1 Bxh5 28.Ne7+ Rxe7 29.Rxe7 f3
30.Re1 Bg6 31.Nd4 f2 32.Rc1 Rc4 33.Nf3 Rxc2  0-1

[Event "Najdorf Memorial Open"]
[Site "Warsaw POL"]
[Date "2008.08.04"]
[Round "3"]
[White "Owczarzak,J"]
[Black "Lada,M"]
[Result "1/2-1/2"]
[WhiteElo "2343"]
[BlackElo "2226"]

1.e4 e6 2.d4 d5 3.Nc3 Nf6 4.e5 Nfd7 5.f4 c5 6.Nf3 a6 7.Be3 Qb6 8.a3 Nc6 9.dxc5 Bxc5
10.Na4 Qa5+ 11.b4 Qxa4 12.bxc5 f6 13.exf6 Nxf6 14.Bd3 Bd7 15.O-O O-O 16.Qb1 h6
17.h3 Rab8 18.Qb2 Qa5 19.Rae1 Qc7 20.c4  1/2-1/2

[Event "Abkhasian Open"]
[Site "Sukhumi GEO"]
[Date "2008.08.05"]
[Round "3"]
[White "Svinarenko,P"]
[Black "Tabaryan,A"]
[Result "1-0"]
[WhiteElo "2153"]
[BlackElo "2238"]

1.e4 e6 2.Nc3 d5 3.d4 Nf6 4.e5 Nfd7 5.f4 c5 6.Nf3 Nc6 7.Be3 a6 8.Qd2 Be7
9.g3 b5 10.dxc5 Nxc5 11.Qf2 Nd7 12.Bg2 Bb7 13.O-O O-O 14.Ne2 Rc8 15.Ned4 Nxd4
16.Nxd4 Bc5 17.Rad1 Qc7 18.c3 b4 19.cxb4 Bxb4 20.Rc1 Qb8 21.Nb3 Rxc1 22.Rxc1 Rc8
23.Qf1 Rxc1 24.Qxc1 Qc8 25.Qxc8+ Bxc8 26.a3 Be7 27.Bh3 Kf8 28.Ba7 Bd8 29.Kf2 Ke7
30.Ke3 Nb6 31.Na5 Kd7 32.b4 Na4 33.Nb3 Nb2 34.Bf1 Kc6 35.Kd4 Na4 36.Bd3 h6
37.Nc5 Nxc5 38.Bxc5 Bb6 39.Bxb6 Kxb6 40.Bh7 Bd7 41.Bg8 Be8 42.f5 exf5 43.e6 f6
44.Bf7  1-0

[Event "US Open"]
[Site "Dallas USA"]
[Date "2008.08.06"]
[Round "5"]
[White "Toolin,C"]
[Black "Root,Do"]
[Result "0-1"]
[WhiteElo "2187"]
[BlackElo "2470"]

1.e4 e6 2.d4 d5 3.Nc3 Nf6 4.e5 Nfd7 5.f4 c5 6.Nf3 Nc6 7.Be3 cxd4 8.Nxd4 Qb6
9.Qd2 Qxb2 10.Rb1 Qa3 11.Bb5 Nxd4 12.Bxd4 Bb4 13.O-O O-O 14.Rf3 Bc5 15.Nxd5 Qxa2
16.Nc3 Qa5 17.Bxc5 Nxc5 18.Qd4 Qc7 19.Rh3 Rd8 20.Qf2 Qe7 21.Bd3 Nxd3 22.cxd3 f5
23.Nb5 Bd7 24.Nc7 Rac8 25.Rxb7 Bc6 26.Nd5 Qxb7 27.Nf6+ gxf6 28.Qh4 Qf7 29.exf6 Kh8  0-1

[Event "17th Open"]
[Site "Kavala GRE"]
[Date "2008.08.06"]
[Round "8"]
[White "Mastrovasilis,D"]
[Black "Danielian,E"]
[Result "1/2-1/2"]
[WhiteElo "2563"]
[BlackElo "2495"]

1.e4 e6 2.d4 d5 3.Nc3 Nf6 4.e5 Nfd7 5.f4 c5 6.Nf3 Nc6 7.Be3 a6 8.Qd2 b5 9.Qf2 Qa5
10.Bd3 b4 11.Nd1 b3+ 12.c3 cxd4 13.Nxd4 Nc5 14.Bb1 Nxd4 15.Bxd4 bxa2 16.Bc2 Qb5
17.Qe2 Bd7 18.b4 Qxe2+ 19.Kxe2 Bb5+ 20.Kd2 Ne4+ 21.Bxe4 dxe4 22.Rxa2 Be7
23.Nf2 Rd8 24.Ke3 f5 25.exf6 gxf6 26.Nxe4 e5 27.Bc5 Rd3+ 28.Kf2 f5 29.Ng3 exf4
30.Nxf5 Bxc5+ 31.bxc5 O-O 32.Nd4 Rxc3 33.Rb1 Rc8 34.Nxb5 axb5 35.Rxb5 R3xc5
36.Rxc5 Rxc5 37.Ra4 Kg7 38.Rxf4 Ra5 39.Re4 Ra7 40.Kf3 Ra3+ 41.Re3 Ra4 42.g3 Rb4
43.Re4 Rb3+ 44.Kf4 Rb7 45.Kf5 Rb5+ 46.Re5 Rb7 47.Rd5 Ra7 48.g4 Rf7+ 49.Ke6 Rf2
50.Rg5+ Kh6 51.Rf5 Ra2 52.h4 Ra6+ 53.Ke5 Ra5+ 54.Ke4 Ra4+ 55.Kf3 Ra3+ 56.Kf4 Ra4+
57.Kg3 Kg7 58.Rd5 Ra7 59.Kf4 Rf7+ 60.Ke4 Ra7 61.Rd6 Ra4+ 62.Rd4 Ra7 63.Ke5 Re7+
64.Kf5 Rf7+ 65.Ke6 Rf6+ 66.Ke5 Rf7 67.Rd6 Rf1 68.Rd7+ Kg6 69.Rd6+ Kg7 70.h5 h6
71.Rg6+ Kh7 72.Rf6 Ra1 73.Rf7+ Kg8 74.Re7 Rf1 75.Rd7 Rf2 76.Rd4 Kg7 77.Re4 Rf1
78.Ke6 Rf2 79.Ke7 Rf7+ 80.Kd6 Rf1 81.Re7+ Kg8 82.Re6 Rf4 83.Rg6+ Kh7 84.Ke5 Rf1  1/2-1/2

[Event "12th HZ Open"]
[Site "Vlissingen NED"]
[Date "2008.08.06"]
[Round "6"]
[White "Pijpers,A"]
[Black "Bollaart,J"]
[Result "1/2-1/2"]
[WhiteElo "2150"]
[BlackElo "1925"]

1.e4 e6 2.d4 d5 3.Nc3 Nf6 4.e5 Nfd7 5.f4 c5 6.Nf3 Nc6 7.Be3 cxd4 8.Nxd4 Bc5
9.Qd2 Bxd4 10.Bxd4 Nxd4 11.Qxd4 Qb6 12.Qxb6 Nxb6 13.Nb5 Ke7 14.a4 Bd7 15.b3 Bxb5
16.Bxb5 Rac8 17.a5 Nd7 18.Kd2 Nc5 19.Bd3 Rc7 20.Rhc1 Rhc8 21.Rab1 Nxd3 22.Kxd3 Rc3+
23.Kd2 a6 24.Ra1 R8c5 25.Ra4 Kd7 26.Rb4 Kc7 27.Rb6 h5 28.Rb4 g6 29.Rd4 Kc6
30.Rb4 Kc7 31.Rd4 Kc6  1/2-1/2

[Event "Najdorf Memorial Open"]
[Site "Warsaw POL"]
[Date "2008.08.06"]
[Round "5"]
[White "Wisniowska,K"]
[Black "Lada,M"]
[Result "0-1"]
[WhiteElo "1905"]
[BlackElo "2226"]

1.e4 e6 2.d4 d5 3.Nc3 Nf6 4.e5 Nfd7 5.f4 c5 6.Nf3 a6 7.Be3 Qb6 8.Na4 Qa5+
9.c3 cxd4 10.b4 Qc7 11.Qxd4 a5 12.b5 b6 13.Be2 Nc5 14.O-O Nbd7 15.Nb2 Be7
16.c4 Bb7 17.cxd5 Bxd5 18.Bc4 Bb7 19.Rac1 g6 20.Be2 O-O 21.Nc4 Bd5 22.Nfd2 Rfd8
23.Qc3 Rac8 24.Bf3 Qb7 25.Qc2 Nb8 26.Qb1 Bxf3 27.Rxf3 Rd3 28.Nb2 Rd5 29.Ndc4 Rcd8
30.Rcf1 Nbd7 31.Rg3 f5 32.exf6 Bxf6 33.f5 exf5 34.Rxf5 Rxf5 35.Qxf5 Qe4 36.Qf1 Rf8
37.Rf3 Bxb2 38.Nxb2 Rxf3 39.Qxf3 Qb1+ 40.Nd1 Qxa2 41.Qa8+ Kf7 42.Qh8 Nf6
43.Bd4 Ncd7 44.Nc3 Qd2  0-1

[Event "XVII TCh-MKD"]
[Site "Struga MKD"]
[Date "2008.08.07"]
[Round "4"]
[White "Filev,G"]
[Black "Ilievski,D"]
[Result "1-0"]
[WhiteElo "2395"]
[BlackElo "2324"]

1.e4 e6 2.d4 d5 3.Nc3 Nf6 4.e5 Nfd7 5.f4 c5 6.Nf3 Nc6 7.Be3 a6 8.Qd2 cxd4
9.Nxd4 Bb4 10.a3 Bc5 11.O-O-O Nxd4 12.Bxd4 Bxd4 13.Qxd4 Qc7 14.h4 Qc5 15.Qd2 Nb6
16.Ne4 Qc7 17.Nd6+ Kf8 18.Rh3 Bd7 19.Qa5 Rb8 20.Rb3 Na8 21.Qxc7 Nxc7 22.Rxb7 Rxb7
23.Nxb7 Ke7 24.Nc5 Bb5 25.Bd3 f6 26.Re1 fxe5 27.Rxe5 h6 28.Nxe6 Nxe6 29.Bf5 Kf6
30.Bxe6 d4 31.Bd5 g5 32.hxg5+ hxg5 33.Re6+ Kf5 34.fxg5 Kxg5 35.Re4 Rd8 36.Rxd4 Bc6
37.c4  1-0

[Event "Arctic Chess Challenge"]
[Site "Tromso NOR"]
[Date "2008.08.07"]
[Round "6"]
[White "Thomassen,J"]
[Black "Martinsen,S"]
[Result "1/2-1/2"]
[WhiteElo "2357"]
[BlackElo "2161"]

1.e4 e6 2.d4 d5 3.Nc3 Nf6 4.e5 Nfd7 5.f4 c5 6.Nf3 Nc6 7.Be3 Be7 8.Qd2 O-O
9.Be2 a6 10.O-O b5 11.a3 Bb7 12.Kh1 Qb6 13.dxc5 Bxc5 14.Bxc5 Nxc5 15.f5 Ne4
16.Qf4 f6 17.exf6 Rxf6 18.Nxe4 dxe4 19.Qxe4 exf5 20.Qf4 Qc5 21.Bd3 Raf8 22.Rae1 Qd6
23.Qxd6 Rxd6 24.Ng5 Nd4 25.Re7 Bc8 26.Nf3 Nc6 27.Re2 Re6 28.Rfe1 Rfe8 29.Rxe6 Rxe6
30.Rxe6 Bxe6 31.Kg1 g6 32.Kf2 Kg7 33.Ke3 Bd5 34.g3 Kf6 35.Nd2 Ke5 36.c4 bxc4
37.Nxc4+ Ke6 38.Nb6 a5 39.Nxd5 Kxd5 40.b3 Ke5 41.Bc4 Nd4 42.Bg8 Nc2+ 43.Kd3 Nxa3
44.Bxh7 g5 45.h3 Nb5 46.Kc4 Nd4 47.h4  1/2-1/2

[Event "Najdorf Memorial Open"]
[Site "Warsaw POL"]
[Date "2008.08.08"]
[Round "7"]
[White "Wisniowska,K"]
[Black "Winski,L"]
[Result "1-0"]
[WhiteElo "1905"]
[BlackElo "2045"]

1.e4 e6 2.d4 d5 3.Nc3 Nf6 4.e5 Nfd7 5.f4 c5 6.Nf3 Nc6 7.Be3 a6 8.Qd2 b5 9.dxc5 Bxc5
10.Bxc5 Nxc5 11.Qf2 Qb6 12.Bd3 b4 13.Ne2 a5 14.O-O Na4 15.Qxb6 Nxb6 16.Ned4 Nxd4
17.Nxd4 Bd7 18.a3 Ke7 19.Ra2 h6 20.axb4 axb4 21.Rfa1 Rxa2 22.Rxa2 Ra8 23.Rxa8 Nxa8
24.Kf2 Kd8 25.Ke3 Kc7 26.Nb5+ Kb6 27.Nd6 f5 28.Kd4 Nc7 29.c3 bxc3 30.bxc3 Bb5
31.Bc2 Bf1 32.g3 Nb5+ 33.Nxb5 Kxb5 34.Bxf5 exf5 35.Kxd5 Bc4+ 36.Kd6 Kb6 37.e6 Kb7
38.Kd7 Bb5+ 39.Kd8  1-0

[Event "Najdorf Memorial Open"]
[Site "Warsaw POL"]
[Date "2008.08.09"]
[Round "8"]
[White "Gluszko,T"]
[Black "Pietocha,P"]
[Result "1-0"]
[WhiteElo "2225"]
[BlackElo "2036"]

1.e4 e6 2.Nc3 d5 3.d4 Nf6 4.e5 Nfd7 5.f4 c5 6.Nf3 Nc6 7.Be3 cxd4 8.Nxd4 a6
9.Qd2 Qc7 10.Bd3 b5 11.Nxc6 Qxc6 12.Ne2 Nc5 13.Nd4 Qc7 14.O-O f6 15.Kh1 fxe5
16.fxe5 Nxd3 17.Qxd3 Qxe5 18.Bf4 Qe4 19.Qc3 Bd7 20.Nxe6 Rc8 21.Nxg7+ Kf7
22.Bd6+ Kg8 23.Rxf8+ Rxf8 24.Bxf8 Kxf8 25.Qf6+ Kg8 26.Rf1 Qe7 27.Qxe7  1-0

[Event "Najdorf Memorial Open"]
[Site "Warsaw POL"]
[Date "2008.08.10"]
[Round "9"]
[White "Panocki,A"]
[Black "AlHuwar,J"]
[Result "1-0"]
[WhiteElo "2338"]
[BlackElo "2260"]

1.e4 e6 2.d4 d5 3.Nc3 Nf6 4.e5 Nfd7 5.f4 c5 6.Nf3 Nc6 7.Be3 Be7 8.Qd2 O-O
9.dxc5 Bxc5 10.Bxc5 Nxc5 11.g3 Ne4 12.Nxe4 dxe4 13.Ng5 Qb6 14.O-O-O Rd8 15.Qe2 Bd7
16.Qh5 Be8 17.Qxh7+ Kf8 18.Bc4 Qe3+ 19.Kb1 Rxd1+ 20.Rxd1 Rd8 21.Rc1 b5 22.Bxe6 Nd4
23.Bg4 Bd7 24.Qh8+ Ke7 25.Qxg7  1-0

[Event "Acropolis Open"]
[Site "Athens GRE"]
[Date "2008.08.13"]
[Round "5"]
[White "Rasmussen,A"]
[Black "Rudolf,An"]
[Result "1/2-1/2"]
[WhiteElo "2519"]
[BlackElo "2337"]

1.e4 e6 2.d4 d5 3.Nc3 Nf6 4.e5 Nfd7 5.f4 c5 6.Nf3 Nc6 7.Be3 Be7 8.Qd2 O-O
9.Be2 a6 10.O-O b5 11.a3 Qb6 12.dxc5 Bxc5 13.Bxc5 Nxc5 14.Qe3 Na4 15.Qxb6 Nxb6
16.Bd3 Bd7 17.Ne2 f6 18.b3 fxe5 19.fxe5 Nc4 20.bxc4 bxc4 21.Bxh7+ Kxh7 22.Ned4 Kg6
23.Nxc6 Bxc6 24.Nd4 Ba4 25.g3 Rxf1+ 26.Kxf1 Rb8 27.Ke2 Rh8 28.h4 Rh5 29.Kf3 Rxe5
30.c3 Re4 31.Rb1 a5 32.Rb6 Kf6 33.Kf2 Bd1 34.Rb1 Bh5 35.Rb5 a4 36.Rb1 Bg4
37.Rb2 g6 38.Rb4 Ke5 39.Rxa4 Rxd4 40.cxd4+ Kxd4 41.Ra6 Kc3 42.a4 Kb4 43.Ke3 Kc5
44.Ra5+ Kb4 45.Ra6 Kc5 46.Ra5+ Kb4 47.Ra6  1/2-1/2

[Event "Open"]
[Site "Stare Mesto CZE"]
[Date "2008.08.14"]
[Round "8"]
[White "Pavelek,T"]
[Black "David,Ed"]
[Result "1-0"]
[WhiteElo "1907"]
[BlackElo "2214"]

1.e4 e6 2.d4 d5 3.Nc3 Nf6 4.e5 Nfd7 5.Nce2 c5 6.c3 Nc6 7.f4 Qb6 8.a3 a5 9.Nf3 Be7
10.g3 O-O 11.h4 cxd4 12.cxd4 f6 13.Bh3 Kh8 14.Nc3 fxe5 15.dxe5 Ndxe5 16.fxe5 Nxe5
17.Rf1 Nxf3+ 18.Rxf3 Qg1+ 19.Bf1 Bd7 20.Be3 Qh1 21.Rxf8+ Rxf8 22.Qe2 Bd6
23.O-O-O Bxg3 24.Bg2 Qxh4 25.Rh1 Qf6 26.Qh5 h6 27.Rf1 Qe7 28.Rxf8+ Qxf8 29.Qg4 Bf2
30.Bxf2 Qxf2 31.Bxd5 exd5 32.Qxd7 Qe3+ 33.Kb1 d4 34.Qc8+ Kh7 35.Qf5+ Kg8
36.Nd5 Qe1+ 37.Ka2 Qe2 38.Qc8+ Kh7 39.Qxb7 a4 40.Qb4 Qd1 41.Ne7 Qe2 42.Nd5 Qd1
43.Nb6 d3 44.Nxa4 h5 45.Nc3 Qc2 46.Qe4+ Kh6 47.a4  1-0

[Event "Acropolis Open"]
[Site "Athens GRE"]
[Date "2008.08.15"]
[Round "7"]
[White "Asik,J"]
[Black "Sarandos,V"]
[Result "1-0"]
[WhiteElo "2368"]
[BlackElo "2259"]

1.e4 e6 2.d4 d5 3.Nc3 Nf6 4.e5 Nfd7 5.f4 c5 6.Nf3 Nc6 7.Be3 a6 8.Qd2 b5 9.dxc5 Bxc5
10.Nd4 Nxd4 11.Bxd4 Qb6 12.Ne2 O-O 13.O-O-O b4 14.Qe3 a5 15.Ng3 Bxd4 16.Rxd4 f6
17.exf6 Nxf6 18.Be2 Bd7 19.Rhd1 Rac8 20.Qb3 Qc5 21.R1d2 Rb8 22.Qe3 a4 23.R4d3 Qc7
24.Qe5 Qc5 25.Qd4 Qc7 26.Re3 b3 27.a3 bxc2 28.Rxc2 Qd6 29.Bf3 Rfc8 30.Rec3 Rxc3
31.Rxc3 Qa6 32.Bd1 Rc8 33.Rxc8+ Qxc8+ 34.Kd2 Qa6 35.Bc2 Qa5+ 36.Kd1 Qb5 37.Ne2 Ne4
38.Bxe4 dxe4 39.Kd2 Bc6 40.Ke3 Bd5 41.Ng3 Qd3+ 42.Qxd3 exd3 43.Kxd3 Bxg2
44.Kc4 Bc6 45.Kc5 Bf3 46.Kb5 h5 47.Kxa4 h4 48.Nf1 e5 49.fxe5 g5 50.b4 Kf7
51.b5 Ke6 52.b6 Kxe5 53.Kb5 g4 54.Ka6 Kf4 55.a4 Bc6 56.b7 Bxb7+ 57.Kxb7 Kf3
58.a5 Kf2 59.Ng3 Kg2 60.a6 Kxh2 61.Ne2 g3 62.a7  1-0

[Event "Acropolis Open"]
[Site "Athens GRE"]
[Date "2008.08.16"]
[Round "8"]
[White "Zawadzka,J"]
[Black "Rudolf,An"]
[Result "1/2-1/2"]
[WhiteElo "2389"]
[BlackElo "2337"]

1.e4 e6 2.d4 d5 3.Nc3 Nf6 4.e5 Nfd7 5.f4 c5 6.Nf3 Nc6 7.Be3 b6 8.Be2 Be7
9.O-O O-O 10.Qd2 Kh8 11.Rae1 a6 12.Kh1 Qc7 13.Bd1 Bb7 14.Ne2 cxd4 15.Nfxd4 Nc5
16.c3 Ne4 17.Qd3 Rac8 18.Rf3 Qd7 19.Bc2 b5 20.a3 f5 21.exf6 gxf6 22.Ng3 Rf7
23.Nxc6 Qxc6 24.Bd4 Bc5 25.Qe3 Bxd4 26.Qxd4 Qc4 27.Qxc4 Rxc4 28.Bd3 Ra4 29.Bc2 Rc4
30.Bb3 Rcc7 31.Nxe4 dxe4 32.Rf2 Bd5 33.Bxd5 exd5 34.Rd2 Rfd7 35.Red1 Rc5
36.g4 Kg7 37.Kg2 Kf7 38.f5 Ke7 39.Kf2 a5 40.Rd4 Rd6 41.Ke3 Kd7 42.Rg1 Rc4
43.Rg3 Rc7 44.Rh3 Kc6 45.Rh6 Rg7 46.h3 Kd7 47.a4 Kc6 48.axb5+ Kxb5 49.c4+ Kc5
50.Rxd5+ Rxd5 51.cxd5 Kxd5 52.Rxf6 Rb7 53.Ra6 Rb3+ 54.Kf4 Rf3+ 55.Kg5 e3
56.Rxa5+ Kd4 57.Ra8 e2 58.Rd8+ Ke3 59.h4 Kf2 60.Rd2 Kf1 61.Rxe2 Kxe2 62.Kh6 Kf2
63.Kxh7 Kg3 64.Kg7 Rf4 65.f6 Rxg4+ 66.Kf8 Kxh4 67.f7 Kh5 68.Ke8 Re4+ 69.Kd7 Rf4
70.Ke8  1/2-1/2

[Event "Jessie Gilbert Celebration Int"]
[Site "Coulsdon ENG"]
[Date "2008.08.17"]
[Round "2"]
[White "Radovanovic,J"]
[Black "Lock,G"]
[Result "1-0"]
[WhiteElo "2325"]
[BlackElo "2232"]

1.e4 e6 2.d4 d5 3.Nc3 Nf6 4.e5 Nfd7 5.f4 c5 6.Nf3 Nc6 7.Be3 Be7 8.Qd2 O-O
9.dxc5 Nxc5 10.O-O-O Qa5 11.Kb1 Bd7 12.Qe1 Rfc8 13.f5 exf5 14.Nxd5 Qxe1 15.Nxe7+ Nxe7
16.Rxe1 Nd5 17.Bc1 Be6 18.Nd4 a6 19.g3 Nb4 20.a3 Nc6 21.Nxc6 bxc6 22.Bg2 Rab8
23.Rhf1 Kf8 24.Rf4 Ke7 25.Be3 Ne4 26.Bxe4 fxe4 27.Bc5+ Ke8 28.Rfxe4 Rb5 29.Bd6 Ra8
30.Kc1 Ra7 31.R1e3 Kd7 32.Rd4 Rd5 33.Rh4 g5 34.Rxh7 Rb7 35.h4 gxh4 36.Rxh4 Rdb5
37.b3 Ra7 38.Rd4 Ra8 39.a4 Rb7 40.Red3 Re8 41.Bb4+ Kc8 42.Bd6 Rg8 43.Kd2 Rg4
44.Rxg4 Bxg4 45.Rc3 Kd7 46.Rc4 Be6 47.Rh4 Ra7 48.Rh8 Bf5 49.a5 Ke6 50.c4 Bg4
51.Ke3 Bd1 52.b4 Bb3 53.Kd4  1-0

[Event "IM"]
[Site "Panevezys LTU"]
[Date "2008.08.17"]
[Round "8"]
[White "Bucinskas,V"]
[Black "Labeckas,K"]
[Result "0-1"]
[WhiteElo "2341"]
[BlackElo "2265"]

1.e4 e6 2.d4 d5 3.Nc3 Nf6 4.e5 Nfd7 5.f4 c5 6.Nf3 Nc6 7.Be3 cxd4 8.Nxd4 Bc5
9.Qd2 a6 10.O-O-O O-O 11.h4 Nxd4 12.Bxd4 b5 13.Rh3 b4 14.Ne2 a5 15.Rg3 Qb6
16.h5 a4 17.Kb1 Ba6 18.c3 Rfb8 19.Ka1 bxc3 20.Bxc3 Bc4 21.f5 Bf2 22.Rh3 Nc5
23.f6 Nb3+ 24.axb3 axb3+ 25.Kb1 Qa7 26.Ba5 Qxa5 27.Qxa5 Rxa5 28.Nc3 Rba8
29.Kc1 Ra1+ 30.Nb1 Bxf1 31.Rxf1 Rc8+ 32.Rc3 Be3+ 33.Kd1 Rxc3  0-1

[Event "5th DA Tan Malaysian Open"]
[Site "Kuala Lumpur MAS"]
[Date "2008.08.18"]
[Round "1"]
[White "Novita,A"]
[Black "Bakri,Al"]
[Result "1-0"]
[WhiteElo "2358"]
[BlackElo "1934"]

1.e4 e6 2.d4 d5 3.Nc3 Nf6 4.e5 Nfd7 5.f4 b6 6.Nf3 Be7 7.Be3 Ba6 8.Qd2 c5
9.O-O-O c4 10.f5 b5 11.g3 b4 12.fxe6 fxe6 13.Ne2 Qa5 14.Kb1 Nc6 15.b3 c3
16.Qe1 Nb6 17.Nf4 Nd8 18.h4 Bxf1 19.Qxf1 Nd7 20.Ng5 Nf8 21.Nh5 Rg8 22.Nf6+ gxf6
23.exf6 Bxf6 24.Qxf6 Qc7 25.Rhf1 Qg7 26.Qf2 Nd7 27.Bf4 Ke7 28.Qe2 a6 29.Bc7 Qg6
30.Rde1 h6 31.Bxd8+ Kxd8 32.Nxe6+ Kc8 33.Nc5 Nxc5 34.dxc5 Ra7 35.Qe5 Rf7
36.h5 Qg7 37.Qe6+ Rd7 38.c6 Rd8 39.cxd7+ Qxd7 40.Qxa6+ Kc7 41.Qa7+  1-0

[Event "5th DA Tan Malaysian Open"]
[Site "Kuala Lumpur MAS"]
[Date "2008.08.19"]
[Round "3"]
[White "Novita,A"]
[Black "Ruston,M"]
[Result "1-0"]
[WhiteElo "2358"]
[BlackElo "2091"]

1.e4 e6 2.d4 d5 3.Nc3 Nf6 4.e5 Nfd7 5.f4 c5 6.Nf3 b6 7.Be3 Be7 8.Qd2 O-O
9.O-O-O Nc6 10.Kb1 Bb7 11.g4 Rc8 12.a3 a6 13.h4 b5 14.Ng5 b4 15.axb4 Nxb4
16.Bd3 h6 17.f5 Nxd3 18.Qxd3 hxg5 19.hxg5  1-0

[Event "5th DA Tan Malaysian Open"]
[Site "Kuala Lumpur MAS"]
[Date "2008.08.20"]
[Round "5"]
[White "Hasan,Me"]
[Black "Ruston,M"]
[Result "1-0"]
[WhiteElo "2264"]
[BlackElo "2091"]

1.e4 e6 2.d4 d5 3.Nc3 Nf6 4.e5 Nfd7 5.f4 c5 6.Nf3 Nc6 7.Be3 f6 8.exf6 Qxf6
9.Qd2 Be7 10.dxc5 O-O 11.O-O-O Kh8 12.Qf2 b6 13.Bb5 Bb7 14.Nd4 Ndb8 15.cxb6 axb6
16.Kb1 Bb4 17.Nce2 e5 18.Nxc6 Bxc6 19.Bxc6 Qxc6 20.Qf3 Qc4 21.Nc1 exf4 22.Bd4 Nc6
23.Qd3 b5 24.Rhf1 Rae8 25.b3 Qxd3 26.Rxd3 Re4 27.Bb2 d4 28.Rdf3 Ne5 29.Nd3 Nxd3
30.cxd3 Re2 31.Bxd4 Rxg2 32.Rxf4 Rxf4 33.Rxf4 Bd6 34.Rf5 Rxh2 35.Rd5 Be7
36.Re5 Bf8 37.Re8 Kg8 38.Bc5 Rh1+ 39.Kc2 Rf1 40.a4  1-0

[Event "GM"]
[Site "Vienna AUT"]
[Date "2008.08.20"]
[Round "5"]
[White "Kreisl,R"]
[Black "Neubauer,M"]
[Result "1/2-1/2"]
[WhiteElo "2337"]
[BlackElo "2457"]

1.e4 e6 2.d4 d5 3.Nc3 Nf6 4.e5 Nfd7 5.f4 c5 6.Nf3 Nc6 7.Be3 a6 8.Qd2 b5 9.a3 Bb7
10.dxc5 Bxc5 11.Ne2 O-O 12.Ned4 Qe7 13.Bd3 f6 14.Nxc6 Bxc6 15.O-O fxe5 16.Nxe5 Nxe5
17.fxe5 Qg5 18.Rae1 Rxf1+ 19.Bxf1 Be8 20.Qf2 Bxe3 21.Qxe3 Qxe3+ 22.Rxe3 Rc8
23.Bd3 Bg6 24.Bxg6 hxg6 25.c3 Rf8 26.g3 g5 27.h3 Rf5 28.Kg2 Kf7 29.g4 Rf4
30.Rf3 Rxf3 31.Kxf3 Ke7  1/2-1/2

[Event "5th DA Tan Malaysian Open"]
[Site "Kuala Lumpur MAS"]
[Date "2008.08.22"]
[Round "7"]
[White "Bitoon,R"]
[Black "Zhou Weiqi"]
[Result "1/2-1/2"]
[WhiteElo "2439"]
[BlackElo "2556"]

1.e4 e6 2.d4 d5 3.Nc3 Nf6 4.e5 Nfd7 5.f4 c5 6.Nf3 Nc6 7.Be3 Rb8 8.Qd2 Qa5
9.dxc5 Bxc5 10.Bxc5 Nxc5 11.Nb5 Qxd2+ 12.Kxd2 Ke7 13.Bd3 Bd7 14.Nbd4 f6 15.Rae1 fxe5
16.fxe5 Be8 17.a3 a5 18.Rhf1 Bh5 19.b3 Bxf3 20.Nxc6+ bxc6 21.Rxf3 Nd7 22.Rf4 Rhf8
23.Ra4 Ra8 24.Bxh7 Rf2+ 25.Re2 Rxe2+ 26.Kxe2 Nxe5 27.Bd3 c5 28.h4 Kd6 29.h5 Nd7
30.Rg4 Nf6 31.Rxg7 Nxh5 32.Rg4 Nf6 33.Rg6 Nd7 34.Bb5 Nb6 35.Rg7 d4 36.Rb7 Nd5
37.Rd7+ Ke5 38.Bc6 Rg8 39.Bxd5 exd5 40.Kf2 a4 41.bxa4 c4 42.Re7+ Kd6 43.Rf7 Rb8
44.Ke2 Rb2 45.Kd1 Ra2 46.a5 Rxa3 47.a6 d3 48.cxd3 Rxd3+ 49.Kc2 Ra3 50.Kb2 Ra5
51.a7 d4 52.g4 d3 53.Kc3 Ra3+ 54.Kxc4 d2 55.Rf1 Rxa7 56.Rd1 Ke5  1/2-1/2

[Event "5th DA Tan Malaysian Open"]
[Site "Kuala Lumpur MAS"]
[Date "2008.08.22"]
[Round "8"]
[White "Au,L"]
[Black "Bakri,Al"]
[Result "1/2-1/2"]
[WhiteElo "2239"]
[BlackElo "1934"]

1.e4 e6 2.d4 d5 3.Nc3 Nf6 4.e5 Nfd7 5.Nf3 c5 6.Bb5 a6 7.Bxd7+ Bxd7 8.a4 Nc6
9.Be3 cxd4 10.Bxd4 Nxd4 11.Qxd4 Qa5 12.O-O Rc8 13.Qd3 Be7 14.Nd4 O-O 15.Nce2 Qc5
16.c3 Qb6 17.Rfc1 Qc7 18.f4 Qc4 19.Rd1 b5 20.b3 Qc5 21.b4 Qc4 22.a5 f6 23.Qd2 Qc7
24.Qe3 Rce8 25.Rf1 h6 26.Kh1 fxe5 27.fxe5 Qc8 28.Qg3 Rxf1+ 29.Rxf1 Rf8 30.Rf3 Rxf3
31.Qxf3 Qf8 32.Kg1 Qxf3 33.gxf3 Bg5 34.f4 Bh4 35.Kg2 Kf7 36.Kf3 Be1 37.Kg4 g6
38.h4 Be8 39.Nb3 Bd7 40.Nc5 Bc8 41.Nd3 Bd2 42.Kg3 Bb7 43.Nc5 Bc8 44.Nb3 Be1+
45.Kg4 Bd7 46.Nc5 Bc8  1/2-1/2

[Event "Open A"]
[Site "Vladimir RUS"]
[Date "2008.08.22"]
[Round "10"]
[White "Ziatdinov,R"]
[Black "Bagirov,R"]
[Result "1/2-1/2"]
[WhiteElo "2433"]
[BlackElo "2492"]

1.e4 e6 2.d4 d5 3.Nc3 Nf6 4.e5 Nfd7 5.f4 c5 6.Nf3 a6 7.Be3 Qb6 8.Na4 Qa5+
9.c3 cxd4 10.b4 Qc7 11.Bxd4 Nc6 12.Be2 Nxd4 13.Qxd4 Be7 14.O-O O-O 15.Rfc1 b5
16.Nb2 Nb6 17.a4 Bd7 18.axb5 axb5 19.Bd3 Rfc8 20.Rxa8 Rxa8 21.Bb1 Ra3 22.g4 Na4
23.Nxa4 Rxa4 24.Qd2 Ra8 25.Bd3 Rc8 26.Rc2 f6 27.Qe3 fxe5 28.fxe5 Rf8 29.g5 Be8
30.Nd4 Qa7 31.Rf2 Bd7 32.Rxf8+ Bxf8 33.Kf2 Qb8 34.h4 g6 35.Nf3 Bg7 36.Bf1 Qc7
37.Bh3 Kf7 38.Kg3 Ke7 39.Kf4 Qc4+ 40.Kg3 Ke8 41.Nh2 d4 42.Qxd4 Qe2 43.Ng4 Qe1+
44.Kh2 Qe2+ 45.Kg3 Qe1+ 46.Kh2 Qe2+ 47.Kg3  1/2-1/2

[Event "U16 Olympiad"]
[Site "Mersin TUR"]
[Date "2008.08.23"]
[Round "8"]
[White "Bodnaruk,A"]
[Black "Amarasena,K"]
[Result "1-0"]
[WhiteElo "2394"]
[BlackElo "1900"]

1.e4 e6 2.d4 d5 3.Nc3 Nf6 4.e5 Nfd7 5.f4 c5 6.Nf3 Nc6 7.Be3 a6 8.Qd2 cxd4
9.Nxd4 Bc5 10.O-O-O O-O 11.h4 Nxd4 12.Bxd4 b5 13.f5 Bb7 14.Bxc5 Nxc5 15.Qf2 Nd7
16.Re1 Rc8 17.Bd3 b4 18.Nd1 Nc5 19.Rh3 Nxd3+ 20.Rxd3 exf5 21.Ne3 Qa5 22.Kb1 g6
23.g4 f4 24.Ng2 f3 25.Qxf3 Rc7 26.Qf2 Rfc8 27.Re2 Rc5 28.Nf4 Qa4 29.e6 f6
30.e7 Ra5 31.Qb6 Qxa2+ 32.Kc1 Qc4 33.e8=Q+ Kg7 34.Re7+  1-0

[Event "44th Rubinstein Mem Open A"]
[Site "Polanica Zdroj POL"]
[Date "2008.08.23"]
[Round "5"]
[White "Jacek,K"]
[Black "Scibior,A"]
[Result "0-1"]
[WhiteElo "1987"]
[BlackElo "2157"]

1.e4 e6 2.d4 d5 3.Nc3 Nf6 4.e5 Nfd7 5.f4 c5 6.Nf3 Nc6 7.Be3 cxd4 8.Nxd4 Bc5
9.Qd2 O-O 10.O-O-O a6 11.h4 Nxd4 12.Bxd4 b5 13.Kb1 b4 14.Na4 Bxd4 15.Qxd4 Qa5
16.b3 Bb7 17.Bd3 Bc6 18.Nb2 Qc5 19.Be2 a5 20.Bf3 Rfb8 21.Qxc5 Nxc5 22.Rhe1 Bb5
23.f5 Ra7 24.Rd4 Rc7 25.Red1 Nd7 26.Re1 Rbc8 27.Rd2 Kf8 28.g4 Rc3 29.Bg2 Ke7
30.g5 Rg3 31.f6+ Kf8 32.Nd3 Rg4  0-1